Orientaciones para reducción de la deforestación y degradación de los bosques : (Registro nro. 3895)

Detalles MARC
000 -LEADER
fixed length control field 01085nam a2200229Ia 4500
003 - CONTROL NUMBER IDENTIFIER
control field OSt
005 - DATE AND TIME OF LATEST TRANSACTION
control field 20210107132010.0
008 - FIXED-LENGTH DATA ELEMENTS--GENERAL INFORMATION
fixed length control field 191128s2016 ck ado fr 000 0 spa d
020 ## - INTERNATIONAL STANDARD BOOK NUMBER
International Standard Book Number 9789585951341
040 ## - CATALOGING SOURCE
Original cataloging agency CO-JMCR
Transcribing agency CO-JMCR
041 0# - LANGUAGE CODE
Language code of text/sound track or separate title spa
082 04 - DEWEY DECIMAL CLASSIFICATION NUMBER
Classification number 333.75 /
Item number P349o
Edition number 23
110 2# - MAIN ENTRY--CORPORATE NAME
Corporate name or jurisdiction name as entry element Instituto Amazónico de Investigaciones Científicas, Sinchi.
9 (RLIN) 6125
245 10 - TITLE STATEMENT
Title Orientaciones para reducción de la deforestación y degradación de los bosques :
Remainder of title ejemplo de la utilización de estudios de motores de deforestación en la planeación territorial para la Amazonia colombiana /
Statement of responsibility, etc. [fotografías, Luis Carlos Peña Briceño]
260 ## - PUBLICATION, DISTRIBUTION, ETC.
Place of publication, distribution, etc. Bogotá :
Name of publisher, distributor, etc. Instituto Amazónico de Investigaciones Cientificas Sinchi,
Date of publication, distribution, etc. 2016
300 ## - PHYSICAL DESCRIPTION
Extent 80 páginas :
Other physical details fotografías y gráficos a color ;
Dimensions 22 cm.
504 ## - BIBLIOGRAPHY, ETC. NOTE
Bibliography, etc. note Bibliografía: páginas 79-81
650 14 - SUBJECT ADDED ENTRY--TOPICAL TERM
Topical term or geographic name entry element Deforestación
General subdivision control
Geographic subdivision Amazonas (Región, Colombia)
9 (RLIN) 6126
650 24 - SUBJECT ADDED ENTRY--TOPICAL TERM
Topical term or geographic name entry element Conservación de bosques
Geographic subdivision Amazonas (Región, Colombia)
9 (RLIN) 6127
700 1# - ADDED ENTRY--PERSONAL NAME
Personal name Peña Briceño, Luis Carlos,
Relator term fotógrafo
9 (RLIN) 6128
942 ## - ADDED ENTRY ELEMENTS (KOHA)
Source of classification or shelving scheme Dewey Decimal Classification
Koha item type Books
Existencias
Withdrawn status Lost status Source of classification or shelving scheme Damaged status Not for loan Collection code Home library Current library Date acquired Source of acquisition Cost, normal purchase price Full call number Barcode Date last seen Copy number Koha item type
    Dewey Decimal Classification     Non-fiction Biblioteca Pública José María del Castillo y Rada Biblioteca Pública José María del Castillo y Rada 12/01/2017 Donación 0.00 333.75 / P349o 201808495 05/16/2024 Ej.1 Books